Statistics for Christopher Lee Movies

Click here to take the quiz!

General Stats

  • This quiz has been taken 36 times
  • The average score is 13 of 206

Answer Stats

YearMovie% Correct
1958Dracula
77%
2002Star Wars Episode II: Attack of the Clones
70%
2002The Lord of the Rings: The Two Towers
67%
2005Star Wars Episode III: Revenge of the Sith
63%
2001The Lord of the Rings: The Fellowship of the Ring
63%
2005Charlie and the Chocolate Factory
57%
2003The Lord of the Rings: The Return of the King
57%
2012The Hobbit: An Unexpected Journey
43%
1974The Man with the Golden Gun
43%
1973The Wicker Man
37%
2014The Hobbit: The Battle of the Five Armies
33%
2008Star Wars: The Clone Wars
27%
1959The Mummy
27%
1965She
20%
1999Sleepy Hollow
20%
1959The Hound of the Baskervilles
20%
2011Hugo
17%
19791941
13%
2010Alice in Wonderland
13%
2005Corpse Bride
13%
2012Dark Shadows
13%
1998Jinnah
13%
1972Dracula A.D. 1972
10%
1968Dracula Has Risen from the Grave
10%
1966Dracula: Prince of Darkness
10%
1948Hamlet
10%
1957The Curse of Frankenstein
10%
1974The Four Musketeers
10%
2007The Golden Compass
10%
1964The Gorgon
10%
1970The Private Life of Sherlock Holmes
10%
2011The Resident
10%
1973The Satanic Rites of Dracula
10%
1973The Three Musketeers
10%
1948Corridor of Mirrors
7%
1976Dracula père et fils
7%
1970Eugenie
7%
1967Five Golden Dragons
7%
2012Frankenweenie
7%
1990Gremlins 2: The New Batch
7%
1983House of the Long Shadows
7%
1966Rasputin, the Mad Monk
7%
1970Scars of Dracula
7%
2011Season of the Witch
7%
1962Sherlock Holmes and the Deadly Necklace
7%
1970Taste the Blood of Dracula
7%
1965Ten Little Indians
7%
1968The Devil Rides Out
7%
1965The Face of Fu Manchu
7%
1971The House That Dripped Blood
7%
1982The Last Unicorn
7%
2011The Wicker Tree
7%
1976To the Devil, A Daughter
7%
1995A Feast at Midnight
3%
1977Airport '77
3%
1956Alias John Preston
3%
1979Arabian Adventure
3%
1958A Tale of Two Cities
3%
1952Babes in Bagdad
3%
1979Bear Island
3%
1957Bitter Victory
3%
2010Burke & Hare
3%
1951Captain Horatio Hornblower R.N.
3%
1978Caravans
3%
1978Circle of Iron
3%
1966Circus of Fear
3%
1958Corridors of Blood
3%
1970Count Dracula
3%
1973Dark Places
3%
1972Death Line
3%
1965Dr. Terror's House of Horrors
3%
1977End of the World
3%
1961Ercole al centro della terra
3%
2009Glorious 39
3%
1971Hannie Caulder
3%
1973Horror Express
3%
1985Howling II: Your Sister Is a Werewolf
3%
1964Il castello dei morti vivi
3%
1971I, Monster
3%
1979Jaguar Lives!
3%
1970Julius Caesar
3%
1963Katarsis
3%
1976Killer Force
3%
1964La cripta e l'incubo
3%
1963La frusta e il corpo
3%
1977Meatcleaver Massacre
3%
1952Moulin Rouge
3%
1989Murder Story
3%
2013Night Train to Lisbon
3%
1972Nothing But the Night
3%
1979Nutcracker Fantasy
3%
1970One More Time
3%
1948One Night With You
3%
1948Penny and the Pownall Case
3%
1994Police Academy: Mission to Moscow
3%
1950Prelude to Fame
3%
1978Return from Witch Mountain
3%
1982Safari 3000
3%
1948Scott of the Antarctic
3%
1970Scream and Scream Again
3%
1980Serial
3%
1977Starship Invasions
3%
1955Storm Over the Nile
3%
1962Stranglehold
3%
2005The Adventures of Greyfriars Bobby
3%
1966Theatre of Death
3%
1956The Battle of the River Plate
3%
1968The Blood of Fu Manchu
3%
1970The Bloody Judge
3%
1966The Brides of Fu Manchu
3%
1969The Castle of Fu Manchu
3%
1960The City of the Dead
3%
1955The Cockleshell Heroes
3%
1973The Creeping Flesh
3%
1952The Crimson Pirate
3%
1962The Devil's Agent
3%
1961The Devil's Daffodil
3%
1964The Devil-Ship Pirates
3%
1986The Girl
3%
2013The Girl from Nagasaki
3%
1960The Hands of Orlac
3%
2010The Heavy
3%
1976The Keeper
3%
1969The Magic Christian
3%
1959The Man Who Could Cheat Death
3%
1969The Oblong Box
3%
1979The Passage
3%
1962The Pirates of Blood River
3%
1983The Return of Captain Invincible
3%
1989The Return of the Musketeers
3%
1984The Rosebud Beach Hotel
3%
1981The Salamander
3%
1965The Skull
3%
1961The Terror of the Tongs
3%
1957The Truth About Women
3%
1960The Two Faces of Dr. Jekyll
3%
1967The Vengeance of Fu Manchu
3%
1950They Were Not Divided
3%
2009Triage
3%
1959Uncle Was a Vampire
3%
1976Albino
0%
1981An Eye for an Eye
0%
2014Angels in Notting Hill
0%
1948A Sing for Tomorrow
0%
1958Battle of the V-1
0%
1960Beat Girl
0%
1956Beyond Mombasa
0%
2009Boogie Woogie
0%
1979Captain America II: Death Too Soon
0%
2004Crimson Rivers II: Angels of the Apocalypse
0%
1955Crossroads
0%
1991Curse III: Blood Sacrifice
0%
1968Curse of the Crimson Altar
0%
1988Dark Mission
0%
1981Desperate Moves
0%
1954Destination Milan
0%
1975Diagnosis: Murder
0%
1967Die Schlangengrube und das Pendel
0%
1955Final Column
0%
1994Flesh and Blood
0%
1957Fortune Is a Woman
0%
1994Funny Man
0%
1990Honeymoon Academy
0%
1957Ill Met by Moonlight
0%
1953Innocents in Paris
0%
1992Jackpot
0%
1987Jocks
0%
1992Kabuto
0%
1989La chute des aigles
0%
1990L'avaro
0%
1963La vergine di Norimberga
0%
1975Le boucher, la star et l'orpheline
0%
1953Les vacances de Monsieur Hulot
0%
1955Man in Demand
0%
1957Manuela
0%
1985Mask of Murder
0%
1987Mio min Mio
0%
1948My Brother's Keeper
0%
2013Necessary Evil
0%
1983New Magic
0%
1967Night of the Big Heat
0%
1990Panga
0%
1952Paul Temple Returns
0%
1976Pharaoh Starrs Tomb
0%
1955Police Dog
0%
1956Port Afrique
0%
1956Private's Progress
0%
1951Quo Vadis
0%
1948Saraband for Dead Lovers
0%
1987Shaka Zulu
0%
1998Tale of the Mummy
0%
1961Taste of Fear
0%
1955That Lady
0%
1955The Dark Avenger
0%
1968The Face of Eve
0%
1962The Puzzle of the Red Orchid
0%
1990The Rainbow Thief
0%
1996The Stupids
0%
1957The Traitor
0%
1959The Treasure of San Teresa
0%
1960Too Hot to Handle
0%
1952Top Secret
0%
1949Trottie True
0%
1970Umbracle
0%
1951Valley of Eagles
0%
1996Welcome to the Discworld
0%

Score Distribution

Percentile by Number Answered

Percent of People with Each Score

Your Score History

You have not taken this quiz